00793nam a2200181 a 450000500170000000800410001702000160005805000230007410000180009724500940011526000360020952001500024565000290039565000320042465000250045699900190048195201110050020140414132118.0111117s19uu xx 00 eng d a 0810938251 aM 808.83bB29 1992 aBase, Graeme. aThe sign of the seahorse : a tale of greed and high adventure in two acts /cGraeme Base. aNew York :bH.N. Abrams,c1992. aThe inhabitants of a coral reef are threatened when a shady real estate deal started by the greedy Groper floods their area with poisonous waste. aMarine animalsxFiction. aMarine pollutionx Fiction. aPollutionx Fiction. c114967d114967 001040aMUbMUcMd2011-11-17eDonationl0oM 808.83 B29 1992pM6909r2014-04-14 00:00:00w2014-04-14yBK